=LDR 00000nam 2200000 4500 =001 INLIS000000000020515 =005 20130612115455 =008 ***********************************Ind** =035 ##$$0010-061300000020515 =041 ##$$a Ind =082 ##$$a 641.5 =090 ##$$a 641.5, Rah a =100 ##$$a Rahmaningsih, Eny =245 ##$$a Aneka resep membuat kue dan masakan sehari-hari, oleh Eny Rahmaningsih =260 ##$$a 2005 $b Jakarta =300 ##$$a xv, 154 hlm, 20 cm =650 ##$$a Masakan =850 ##$$a NBPNMAT